000 00793nam a22002177a 4500
999 _c167808
_d167808
005 20190919150536.0
010 _aENG-126500
020 _c499.00
_a9789353067236
035 _aEN-110032
037 _bDBAD/PUB
082 _a370.154
_24th
100 _aSchunk,Dale H.
245 _aMotivation in education :
_c By Dale H.Schunk ...[et., all]
_bTheory ,Research and Applications /
260 _aChennai
_bPearson India EducationServices
_c2019
270 _bChennai
_a4th Floor,Software Block,Elnet Software City,TS 140,Block 2&9 Taramani
_e600113
_k080-30461060
_l080-30461003
_mcompanysecretary.india@pearson.com
300 _a332p.
_c25cm(pbk)
500 _aincludes index
700 _aMeece ,Judith R
700 _aPintrich,Paul R.
942 _2ddc
_cEN
_h370.154
_mSCH